| 000 | 01461cam a22003734a 4500 | ||
|---|---|---|---|
| 999 |
_c41599 _d41599 |
||
| 001 | 15463260 | ||
| 003 | OSt | ||
| 005 | 20221006155620.0 | ||
| 008 | 080924s2007 it i000 0 eng d | ||
| 010 | _a 2008390103 | ||
| 020 | _a9789251058428 | ||
| 020 | _a9251058423 | ||
| 035 | _a(OCoLC)ocn212854546 | ||
| 040 |
_aBTCTA _cBTCTA _dBAKER _dUMC _dDLC |
||
| 042 | _alccopycat | ||
| 050 | 0 | 0 |
_aK3631.A5 _bJ633 2007 |
| 082 |
_a344.04232 _bWHO/C |
||
| 110 | 2 | _aJoint FAO/WHO Codex Alimentarius Commission. | |
| 245 | 1 | 0 |
_aCodex alimentarius : _bcereals, pulses, legumes and vegetable proteins / _c[Joint FAO/WHO Food Standards Programme, Codex Alimentarius Commission]. |
| 246 | 3 | 0 | _aCereals, pulses, legumes and vegetable proteins |
| 250 | _a1st ed. | ||
| 260 |
_aRome : _bWorld Health Organization : _bFood and Agriculture Organization of the United Nations, _c2007. |
||
| 300 |
_a106 p. ; _c26 cm. |
||
| 440 | 0 |
_aCodex alimentarius, _x0259-2916 |
|
| 650 | 0 | _aFood law and legislation. | |
| 650 | 0 |
_aFood industry and trade _xStandards. |
|
| 650 | 0 |
_aFood _xStandards. |
|
| 710 | 2 | _aWorld Health Organization. | |
| 710 | 2 | _aFood and Agriculture Organization of the United Nations. | |
| 710 | 2 | _aJoint FAO/WHO Food Standards Programme. | |
| 906 |
_a7 _bcbc _ccopycat _d3 _encip _f20 _gy-gencatlg |
||
| 942 |
_2ddc _cBK _h344.04232 _iWHO/C _k344.04232 _mWHO/C |
||